Score 0/18 Timer 02:00
0 Plays Today
Word % Correct
FIRE
93.6%
HARE
93.3%
HERE
93.1%
DIRT
91.6%
HERO
91.3%
COLE
90.8%
FILE
90.4%
DIRE
88.4%
HOLE
87.3%
Word % Correct
✭COKE✭
84.8%
HALE
82.3%
POKE
81.9%
POLE
80.6%
PILE
79.9%
✭DIET✭
79.1%
✭ZERO✭
73.3%
✭COLA✭
72.7%
✭COCA✭
58.6%

Today's Daily Dose

Missing Word
I Hardly Know Her!

Word Ladder
Sentence Ending

Quick Pick
Female Firsts

Get the Picture
Triathlon Sports

Remove Ads.
Support Sporcle.
Get the best of Sporcle when you Go Orange. This ad-free experience offers more features, more stats, and more fun while also helping to support Sporcle. Thank you for becoming a member.

You're not logged in!

Compare scores with friends on all Sporcle quizzes.
OR
Log In

Show Comments

Extras

Top Quizzes Today


Score Distribution

Your Account Isn't Verified!

In order to create a playlist on Sporcle, you need to verify the email address you used during registration. Go to your Sporcle Settings to finish the process.

Report this User

Report this user for behavior that violates our Community Guidelines.

Details: